000 00560nam a22001697a 4500
005 20251108164730.0
008 250721s9999 xx 000 0 ara d
082 1 4 _a615.1/عوض
100 1 _aعوض، ناصر عبد الله
245 1 0 _aكيف تتناول دواءك :
_bعقاقير و علاج الأمراض السارية /
264 1 _aبيروت :
_bدار ميرزا للطباعة و النشر و التوزيع،
_c[19-].
300 _a192ص
650 1 7 _aالأدوية
650 1 7 _aالأمراض
942 _2ddc
_cBK
999 _c12972
_d12972